<?xml version="1.0" encoding="UTF-8"?>
<record
    xmlns:xsi="http://www.w3.org/2001/XMLSchema-instance"
    xsi:schemaLocation="http://www.loc.gov/MARC21/slim http://www.loc.gov/standards/marcxml/schema/MARC21slim.xsd"
    xmlns="http://www.loc.gov/MARC21/slim">

  <leader>01429nam a2200349 a 4500</leader>
  <controlfield tag="008">120322s2011    ag ||||f |||| 001 0 spa d</controlfield>
  <datafield tag="020" ind1=" " ind2=" ">
    <subfield code="a">9789876041546</subfield>
  </datafield>
  <datafield tag="041" ind1=" " ind2=" ">
    <subfield code="a">spa</subfield>
  </datafield>
  <datafield tag="092" ind1=" " ind2=" ">
    <subfield code="c">632.907</subfield>
    <subfield code="l">2</subfield>
    <subfield code="s">ANG</subfield>
  </datafield>
  <datafield tag="245" ind1=" " ind2=" ">
    <subfield code="a">Clasificaci&#xF3;n y toxicolog&#xED;a de plaguicidas /</subfield>
    <subfield code="c">Olga Liliana Anguiano</subfield>
  </datafield>
  <datafield tag="250" ind1=" " ind2=" ">
    <subfield code="a">1a ed.</subfield>
    <subfield code="b">Revisores Susana Isabel Garc&#xED;a; Ra&#xFA;l Alsogaray; Edda Villamil; Carina Apartin; Dami&#xE1;n Marino y Mirta Elena Ryczel</subfield>
  </datafield>
  <datafield tag="260" ind1=" " ind2=" ">
    <subfield code="a">Neuqu&#xE9;n [Neuqu&#xE9;n ; Argentina]:</subfield>
    <subfield code="b">EDUCO;</subfield>
    <subfield code="c">2011.</subfield>
  </datafield>
  <datafield tag="300" ind1=" " ind2=" ">
    <subfield code="a">390 p.</subfield>
    <subfield code="b">il.</subfield>
    <subfield code="c">24x17 cm.</subfield>
  </datafield>
  <datafield tag="500" ind1=" " ind2=" ">
    <subfield code="a">Anguiano, O. L. et al. (2011). Clasificaci&#xF3;n y toxicolog&#xED;a de plaguicidas. (1a ed.). Neuqu&#xE9;n : EDUCO.</subfield>
  </datafield>
  <datafield tag="590" ind1=" " ind2=" ">
    <subfield code="a">Donaci&#xF3;n autoras, Marzo 2012</subfield>
  </datafield>
  <datafield tag="653" ind1=" " ind2=" ">
    <subfield code="a">Principios b&#xE1;sicos de toxicolog&#xED;a</subfield>
  </datafield>
  <datafield tag="653" ind1=" " ind2=" ">
    <subfield code="a">Clasificaci&#xF3;n de plaguicidas</subfield>
  </datafield>
  <datafield tag="653" ind1=" " ind2=" ">
    <subfield code="a">Modo de acci&#xF3;n de plaguicidas</subfield>
  </datafield>
  <datafield tag="653" ind1=" " ind2=" ">
    <subfield code="a">Din&#xE1;mica ambiental de plaguicidas</subfield>
  </datafield>
  <datafield tag="653" ind1=" " ind2=" ">
    <subfield code="a">Efectos adversos de los plaguicidas en organismos no blanco</subfield>
  </datafield>
  <datafield tag="653" ind1=" " ind2=" ">
    <subfield code="a">Resistencia a insecticidas</subfield>
  </datafield>
  <datafield tag="700" ind1="1" ind2=" ">
    <subfield code="a">Anguiano, Olga Liliana</subfield>
    <subfield code="9">1665</subfield>
  </datafield>
  <datafield tag="700" ind1="1" ind2=" ">
    <subfield code="a">Montagna, Cristina M&#xF3;nica</subfield>
    <subfield code="9">1666</subfield>
  </datafield>
  <datafield tag="700" ind1="1" ind2=" ">
    <subfield code="a">Ferrari, Ana</subfield>
    <subfield code="9">1667</subfield>
  </datafield>
  <datafield tag="700" ind1="1" ind2=" ">
    <subfield code="a">Sole&#xF1;o, Jimena</subfield>
    <subfield code="9">1668</subfield>
  </datafield>
  <datafield tag="700" ind1="1" ind2=" ">
    <subfield code="a">Lascano, Cecilia In&#xE9;s</subfield>
    <subfield code="9">1669</subfield>
  </datafield>
  <datafield tag="700" ind1="1" ind2=" ">
    <subfield code="a">Loewy, Miriam Ruth</subfield>
    <subfield code="9">1670</subfield>
  </datafield>
  <datafield tag="700" ind1="1" ind2=" ">
    <subfield code="a">Pechen de D'Angelo, Ana Mar&#xED;a</subfield>
    <subfield code="9">1671</subfield>
  </datafield>
  <datafield tag="700" ind1="1" ind2=" ">
    <subfield code="a">Magnarelli, Gladis Griselda</subfield>
    <subfield code="9">1672</subfield>
  </datafield>
  <datafield tag="700" ind1="1" ind2=" ">
    <subfield code="a">Rovedatti, Mar&#xED;a Gabriela</subfield>
    <subfield code="9">1673</subfield>
  </datafield>
  <datafield tag="942" ind1=" " ind2=" ">
    <subfield code="2">ddc</subfield>
    <subfield code="c">BK</subfield>
  </datafield>
  <datafield tag="999" ind1=" " ind2=" ">
    <subfield code="c">1026</subfield>
    <subfield code="d">1026</subfield>
  </datafield>
  <datafield tag="952" ind1=" " ind2=" ">
    <subfield code="0">0</subfield>
    <subfield code="1">0</subfield>
    <subfield code="2">ddc</subfield>
    <subfield code="4">0</subfield>
    <subfield code="7">0</subfield>
    <subfield code="a">BFM</subfield>
    <subfield code="b">BFM</subfield>
    <subfield code="c">CR</subfield>
    <subfield code="d">2012-03-22</subfield>
    <subfield code="l">0</subfield>
    <subfield code="o">632.907 2 ANG</subfield>
    <subfield code="p">2481</subfield>
    <subfield code="r">2014-11-06</subfield>
    <subfield code="t">ej.1</subfield>
    <subfield code="w">2012-03-22</subfield>
    <subfield code="y">BK</subfield>
    <subfield code="z">Sede Tordos.</subfield>
    <subfield code="f"></subfield>
  </datafield>
  <datafield tag="952" ind1=" " ind2=" ">
    <subfield code="0">0</subfield>
    <subfield code="1">0</subfield>
    <subfield code="2">ddc</subfield>
    <subfield code="4">0</subfield>
    <subfield code="7">0</subfield>
    <subfield code="a">BFM</subfield>
    <subfield code="b">BFM</subfield>
    <subfield code="c">CR</subfield>
    <subfield code="d">2012-03-22</subfield>
    <subfield code="l">1</subfield>
    <subfield code="o">632.907 2 ANG</subfield>
    <subfield code="p">2482</subfield>
    <subfield code="r">2014-11-06</subfield>
    <subfield code="s">2012-10-29</subfield>
    <subfield code="t">ej.2</subfield>
    <subfield code="w">2012-03-22</subfield>
    <subfield code="y">BK</subfield>
    <subfield code="z">Sede Tordos.</subfield>
    <subfield code="f"></subfield>
  </datafield>
  <datafield tag="952" ind1=" " ind2=" ">
    <subfield code="0">0</subfield>
    <subfield code="1">0</subfield>
    <subfield code="2">ddc</subfield>
    <subfield code="4">0</subfield>
    <subfield code="7">0</subfield>
    <subfield code="8">NFIC</subfield>
    <subfield code="a">BFM</subfield>
    <subfield code="b">BFM</subfield>
    <subfield code="c">CR</subfield>
    <subfield code="d">2012-10-03</subfield>
    <subfield code="e">Donacion Dra. Gladis Magnarelli Octubre 2012</subfield>
    <subfield code="l">2</subfield>
    <subfield code="o">632.907 2 ANG</subfield>
    <subfield code="p">2621</subfield>
    <subfield code="r">2015-06-15</subfield>
    <subfield code="s">2015-06-12</subfield>
    <subfield code="t">ej. 3</subfield>
    <subfield code="w">2012-10-03</subfield>
    <subfield code="y">BK</subfield>
    <subfield code="z">Donacion Dra. Gladis Magnarelli. Sede Tordos. </subfield>
    <subfield code="f"></subfield>
  </datafield>
</record>
